| 000 | 00856nam a2200253 a 4500 | ||
|---|---|---|---|
| 001 | 25371 | ||
| 003 | CO-ViMGA | ||
| 005 | 20230915232054.0 | ||
| 008 | 141112s2004 ck r 000 u spa d | ||
| 020 | _a9786077071792 | ||
| 035 | _aAFE3082 LA | ||
| 040 |
_aCO-ViMGA _bspa _cCO-ViMGA |
||
| 041 | _aspa | ||
| 082 | 0 | 4 | _a621.380283 G17c |
| 100 | 1 |
_aGarcía Domínguez, Armando. _938680 |
|
| 245 | 1 | 0 |
_aCálculo de antenas / _cArmando García Domínguez. |
| 250 | _a4a.ed. | ||
| 260 |
_aBarcelona : _bMarcombo. Boixareu Editores, _c2012 |
||
| 300 | _a229 p. : il., diagrs. ; 21 cm. | ||
| 504 | _aIncluye bibliografía e índice. | ||
| 650 | 1 | 4 |
_aAntenas de radio - Manuales para aficionados. _938681 |
| 942 |
_2ddc _cBK |
||
| 999 |
_c32978 _d32978 |
||